<?xml version="1.0" encoding="UTF-8"?>
<record
    xmlns:xsi="http://www.w3.org/2001/XMLSchema-instance"
    xsi:schemaLocation="http://www.loc.gov/MARC21/slim http://www.loc.gov/standards/marcxml/schema/MARC21slim.xsd"
    xmlns="http://www.loc.gov/MARC21/slim">

  <leader>01130nam a2200241   4500</leader>
  <controlfield tag="005">20210905230231.0</controlfield>
  <controlfield tag="008">210905s1990    pe  |||fr|||| 001 0 spa d</controlfield>
  <datafield tag="020" ind1=" " ind2=" ">
    <subfield code="a">0929692659</subfield>
  </datafield>
  <datafield tag="040" ind1=" " ind2=" ">
    <subfield code="a">CENDOC CAAAP</subfield>
    <subfield code="b">spa</subfield>
    <subfield code="c">CAAAP</subfield>
  </datafield>
  <datafield tag="041" ind1=" " ind2=" ">
    <subfield code="a">spa</subfield>
  </datafield>
  <datafield tag="050" ind1=" " ind2=" ">
    <subfield code="a">JC 571</subfield>
    <subfield code="b">A49u</subfield>
  </datafield>
  <datafield tag="245" ind1=" " ind2=" ">
    <subfield code="a">Una guerra desesperada :</subfield>
    <subfield code="b">los derechos humanos en el Per&#xFA; despu&#xE9;s de una d&#xE9;cada de democracia y violencia</subfield>
  </datafield>
  <datafield tag="250" ind1=" " ind2=" ">
    <subfield code="a">1ra ed.</subfield>
  </datafield>
  <datafield tag="260" ind1=" " ind2=" ">
    <subfield code="a">Lima:</subfield>
    <subfield code="b">Comisi&#xF3;n Andina de Juristas,</subfield>
    <subfield code="c">1990</subfield>
  </datafield>
  <datafield tag="300" ind1=" " ind2=" ">
    <subfield code="a">130 p.</subfield>
  </datafield>
  <datafield tag="500" ind1=" " ind2=" ">
    <subfield code="a">Informe de Am&#xE9;ricas Watch</subfield>
  </datafield>
  <datafield tag="505" ind1=" " ind2=" ">
    <subfield code="a">Contiene : Resumen y recomendaciones -- Las ra&#xED;ces y el alcance de la violencia en el Per&#xFA; -- El poder judicial -- Condiciones penales -- Investigaciones del congreso de las violaciones de derechos humanos --- Violaciones de las leyes de guerra por los insurgentes --Violaciones a los derechos humanos en 1989 y 1990 -- Persecuci&#xF3;n de activistas de derechos humanos --El papel de los Estados Unidos.</subfield>
  </datafield>
  <datafield tag="650" ind1="1" ind2="0">
    <subfield code="9">25</subfield>
    <subfield code="a">Violencia Pol&#xED;tica</subfield>
  </datafield>
  <datafield tag="650" ind1="2" ind2="0">
    <subfield code="9">381</subfield>
    <subfield code="a">Derechos Humanos</subfield>
  </datafield>
  <datafield tag="650" ind1="2" ind2="0">
    <subfield code="9">517</subfield>
    <subfield code="a">Democracia</subfield>
  </datafield>
  <datafield tag="650" ind1="2" ind2="0">
    <subfield code="9">2544</subfield>
    <subfield code="a">Poder Judicial</subfield>
  </datafield>
  <datafield tag="942" ind1=" " ind2=" ">
    <subfield code="2">lcc</subfield>
    <subfield code="b">05 - 09 - 21</subfield>
    <subfield code="c">BK</subfield>
  </datafield>
  <datafield tag="999" ind1=" " ind2=" ">
    <subfield code="c">2346</subfield>
    <subfield code="d">2346</subfield>
  </datafield>
  <datafield tag="952" ind1=" " ind2=" ">
    <subfield code="2">lcc</subfield>
    <subfield code="a">CAAAP</subfield>
    <subfield code="b">CAAAP</subfield>
    <subfield code="d">2021-09-05</subfield>
    <subfield code="i">005251</subfield>
    <subfield code="l">0</subfield>
    <subfield code="o">JC 571 A49u</subfield>
    <subfield code="r">2021-09-05</subfield>
    <subfield code="y">BK</subfield>
  </datafield>
</record>
